[Event "Turkish Cup 2016"]
[Site "Manavgat TUR"]
[Date "2016.01.31"]
[Round "2.1"]
[White "Baltaci, Ismail Tarik"]
[Black "Haznedaroglu, Kivanc"]
[Result "0-1"]
[BlackTitle "GM"]
[WhiteElo "1842"]
[BlackElo "2467"]
[WhiteTeam "YALOVA"]
[BlackTeam "MANISA"]
[WhiteFideId "6365213"]
[BlackFideId "6300634"]
[EventDate "2016.01.30"]

1. e4 d6 2. d4 g6 3. Nc3 Bg7 4. Be3 a6 5. Qd2 b5 6. f3 Bb7 7. h4 h5 8. Nh3 e6 9.
Ng5 Nd7 10. a4 b4 11. Nd1 a5 12. c3 bxc3 13. Nxc3 Ngf6 14. Be2 O-O 15. O-O Qe7
16. f4 c5 17. Rad1 Rad8 18. Bf3 cxd4 19. Bxd4 e5 20. Be3 exf4 21. Bxf4 Ne5 22.
Be2 Bc6 23. Bb5 Ba8 24. Nd5 Nxd5 25. exd5 Ng4 26. Qxa5 Bxb2 27. Qe1 Qa7+ 28. Kh1
Bd4 29. Nh3 Qc5 30. Bg5 Qxd5 31. Nf4 Qe5 32. Rxd4 Qxd4 33. Bxd8 Rxd8 34. Qe7 Rb8
35. Nd3 Bxg2+ 36. Kxg2 Ne3+ 0-1

[Event "Turkish Cup 2016"]
[Site "Manavgat TUR"]
[Date "2016.01.31"]
[Round "2.2"]
[White "Yilmazyerli, Mert"]
[Black "Uygun, Umut Unal"]
[Result "1-0"]
[WhiteTitle "IM"]
[WhiteElo "2438"]
[BlackElo "1980"]
[WhiteTeam "KAYSERI"]
[BlackTeam "ANTALYA"]
[WhiteFideId "6305962"]
[BlackFideId "6367135"]
[EventDate "2016.01.30"]

1. d4 Nf6 2. Nf3 e6 3. c4 b6 4. g3 Bb7 5. Bg2 Be7 6. O-O O-O 7. d5 d6 8. Nd4
exd5 9. Nc3 Nbd7 10. cxd5 a5 11. Nf5 Re8 12. Nxe7+ Qxe7 13. Be3 Ne5 14. Bd4 Ba6
15. Re1 Nfd7 16. Qc2 Nc5 17. h3 Rab8 18. Rad1 Nc4 19. b3 Na3 20. Qb2 Nb5 21.
Nxb5 Bxb5 22. Bxg7 Qg5 23. Bd4 Qg6 24. a3 a4 25. b4 Nb3 26. e4 c5 27. Bc3 Rb7
28. e5 dxe5 29. Rxe5 Rxe5 30. Bxe5 Rd7 31. bxc5 bxc5 32. Qc3 Qf5 33. g4 Qg6 34.
Qe3 Rd8 35. Be4 1-0

[Event "Turkish Cup 2016"]
[Site "Manavgat TUR"]
[Date "2016.01.31"]
[Round "2.3"]
[White "Gyokbulut, Julia"]
[Black "Firat, Burak"]
[Result "0-1"]
[WhiteTitle "WFM"]
[BlackTitle "IM"]
[WhiteElo "1976"]
[BlackElo "2452"]
[WhiteTeam "ANKARA"]
[BlackTeam "ISTANBUL"]
[WhiteFideId "4153979"]
[BlackFideId "6305881"]
[EventDate "2016.01.30"]

1. d4 Nf6 2. c4 e6 3. Nf3 c5 4. d5 exd5 5. cxd5 Bd6 6. Bg5 Bc7 7. Nc3 d6 8. e4
O-O 9. Be2 Re8 10. Nd2 a6 11. a4 h6 12. Bh4 Nbd7 13. O-O Nf8 14. f4 Ng6 15. Bg3
Bd7 16. Bf3 Rb8 17. Re1 b5 18. axb5 axb5 19. b3 Nh7 20. Bh5 Bb6 21. Bxg6 fxg6
22. Kh1 Ba5 23. Qc2 Nf6 24. f5 gxf5 25. Bxd6 Rc8 26. Rxa5 Qxa5 27. e5 Qa6 28.
Rd1 Ng4 29. Nf1 b4 30. e6 Qxd6 31. exd7 Qxd7 32. h3 Ne3 33. Nxe3 Rxe3 34. Na4
Qd6 35. Nb2 Rce8 36. Nd3 Qg3 0-1

[Event "Turkish Cup 2016"]
[Site "Manavgat TUR"]
[Date "2016.01.31"]
[Round "2.4"]
[White "Ali Marandi, Cemil Can"]
[Black "Ceylan, Imamettin"]
[Result "1-0"]
[WhiteTitle "IM"]
[WhiteElo "2450"]
[BlackElo "1956"]
[WhiteTeam "HATAY"]
[BlackTeam "SIIRT"]
[WhiteFideId "6300529"]
[BlackFideId "6306136"]
[EventDate "2016.01.30"]

1. Nf3 d5 2. g3 e6 3. Bg2 f5 4. O-O Nf6 5. d3 Bd6 6. b3 O-O 7. Bb2 Nbd7 8. Nbd2
c6 9. e4 fxe4 10. dxe4 e5 11. exd5 cxd5 12. Nc4 Qc7 13. Nxd6 Qxd6 14. Nd2 Re8
15. Re1 Nb6 16. Ne4 Nxe4 17. Bxe4 Qc6 18. Bg2 Bf5 19. Bxe5 Rad8 20. Qd4 Qxc2 21.
Bxg7 Be4 22. Bh6 Qc7 23. Bg5 Rd7 24. Bd2 h5 25. Bc3 Rh7 26. Rad1 Rc8 27. Bb2
Bxg2 28. Kxg2 Qc2 29. Re5 Qg6 30. h4 Qf7 31. Rg5+ Kf8 32. Re1 1-0

[Event "Turkish Cup 2016"]
[Site "Manavgat TUR"]
[Date "2016.01.31"]
[Round "2.6"]
[White "Aytekin, Murat Eren"]
[Black "Arat, Ufuk Sezen"]
[Result "0-1"]
[BlackTitle "IM"]
[WhiteElo "1830"]
[BlackElo "2421"]
[WhiteTeam "GIRESUN"]
[BlackTeam "ISTANBUL"]
[WhiteFideId "6388000"]
[BlackFideId "6309089"]
[EventDate "2016.01.30"]

1. d4 Nf6 2. c4 g6 3. Nc3 c5 4. d5 d6 5. e4 Bg7 6. f3 O-O 7. Be3 e6 8. Qd2 exd5
9. cxd5 a6 10. a4 Re8 11. Be2 Qa5 12. Nd1 Qc7 13. Nf2 Nbd7 14. Ngh3 Rb8 15. O-O
b5 16. axb5 axb5 17. b4 c4 18. Bd4 Nb6 19. Qb2 Na4 20. Qc2 Nxe4 21. Bxg7 Nxf2
22. Nxf2 Kxg7 23. Bxc4 Bf5 24. Qb3 Qxc4 25. Qxc4 bxc4 26. Rxa4 Rb5 27. g4 Bc2
28. Ra2 Bb3 29. Ra5 Rxb4 30. Ne4 Rb6 31. Ra7 Re5 32. Nc3 Bc2 33. f4 Re3 34. Nd1
Rd3 35. Nf2 Rxd5 36. Rc7 Rc5 37. Rxc5 dxc5 38. Rc1 Rb1 39. Rxb1 Bxb1 40. Nd1 Kf6
41. Kf2 Ke6 42. Ke3 f6 43. Kd2 Bd3 44. Nc3 h5 45. gxh5 gxh5 46. Ke3 Kf5 47. Kf3
Bc2 48. h4 Bd3 49. Kg3 Be4 50. Nd1 Bd5 51. Nc3 Bc6 0-1

[Event "Turkish Cup 2016"]
[Site "Manavgat TUR"]
[Date "2016.01.31"]
[Round "2.7"]
[White "Kerigan, Demre"]
[Black "Gulbeyaz, Emir"]
[Result "1-0"]
[WhiteTitle "IM"]
[WhiteElo "2378"]
[BlackElo "1936"]
[WhiteTeam "ISTANBUL"]
[BlackTeam "KARAMAN"]
[WhiteFideId "6307841"]
[BlackFideId "6377076"]
[EventDate "2016.01.30"]

1. e4 g6 2. d4 Bg7 3. Nc3 a6 4. f4 b5 5. Nf3 Bb7 6. Bd3 d6 7. a4 b4 8. Nd5 a5 9.
O-O e6 10. Ne3 Nf6 11. e5 Nd5 12. Nxd5 Bxd5 13. c4 bxc3 14. bxc3 O-O 15. Be3 Nd7
16. Ng5 Qe7 17. Qg4 Rab8 18. Qh3 h6 19. Ne4 Rb3 20. Bc1 f5 21. exf6 Nxf6 22. Nd2
Rxc3 23. Bb2 Rc6 24. Bxg6 Nd7 25. Rae1 Qf6 26. Bb1 Rb8 27. Ba1 Rb4 28. Ne4 Qf5
29. Qxf5 exf5 30. Ng3 Rxa4 31. Bxf5 Ra2 32. Rf2 Rxf2 33. Kxf2 Nb6 34. Bd3 a4 35.
Nf5 Bf8 36. Ne3 Nc4 37. Nxd5 Nd2 38. Bc3 1-0

[Event "Turkish Cup 2016"]
[Site "Manavgat TUR"]
[Date "2016.01.31"]
[Round "2.8"]
[White "Aysoy, Veysi"]
[Black "Tuncer, Tuna"]
[Result "0-1"]
[BlackTitle "FM"]
[WhiteElo "1898"]
[BlackElo "2353"]
[WhiteTeam "BITLIS"]
[BlackTeam "ISTANBUL"]
[WhiteFideId "6306071"]
[BlackFideId "6349269"]
[EventDate "2016.01.30"]

1. d4 Nf6 2. c4 g6 3. Nc3 d5 4. cxd5 Nxd5 5. e4 Nxc3 6. bxc3 Bg7 7. Bc4 c5 8.
Ne2 Nc6 9. Be3 O-O 10. O-O Na5 11. Bd3 b6 12. f3 e5 13. d5 f5 14. g3 Nb7 15. Qd2
Nd6 16. a4 c4 17. Bc2 fxe4 18. Bxe4 Bh3 19. Rf2 Nxe4 20. fxe4 Rxf2 21. Bxf2 Qf8
22. Nf4 exf4 23. gxf4 Qf6 24. e5 Qf5 25. Re1 Qd3 26. Qe3 Bf5 27. d6 Qxe3 28.
Bxe3 Kf7 29. Re2 Ke6 30. Rb2 g5 31. a5 gxf4 32. Bxf4 Rf8 33. axb6 axb6 34. Kg2
Be4+ 35. Kg3 Bxe5 36. Bxe5 Kxe5 37. Rxb6 Rf3+ 38. Kg4 Rxc3 39. d7 Bf5+ 40. Kg5
Bxd7 41. Rb7 Rd3 42. h4 c3 43. Rc7 Kd6 44. Rc4 Be6 45. Rd4+ Rxd4 0-1

[Event "Turkish Cup 2016"]
[Site "Manavgat TUR"]
[Date "2016.01.31"]
[Round "2.9"]
[White "Soysal, Serkan"]
[Black "Oztekin, Mehmet Metin"]
[Result "1-0"]
[WhiteTitle "FM"]
[WhiteElo "2349"]
[BlackElo "1903"]
[WhiteTeam "KAHRAMANMARAS"]
[BlackTeam "MARDIN"]
[WhiteFideId "6349250"]
[BlackFideId "6358829"]
[EventDate "2016.01.30"]

1. Nf3 Nf6 2. d4 d5 3. c4 c6 4. Qc2 g6 5. Bf4 Bg7 6. e3 Bf5 7. Qb3 Qb6 8. Nc3
Nbd7 9. h3 O-O 10. Be2 Rac8 11. O-O Ne4 12. cxd5 Nxc3 13. bxc3 cxd5 14. c4 Qa6
15. Rac1 Nb6 16. c5 Qxe2 17. cxb6 axb6 18. Qxb6 Qa6 19. Qxa6 bxa6 20. Be5 f6 21.
Bc7 Bd3 22. Rfe1 Bc4 23. Bb6 Bxa2 24. Bc5 Kf7 25. Nd2 Rb8 26. Rc2 Bb3 27. Nxb3
Rxb3 28. Bxe7 Kxe7 29. Rc7+ Ke8 30. Rxg7 Rf7 31. Rg8+ Rf8 32. Rxf8+ Kxf8 33. Ra1
Rb6 34. Ra5 Rd6 35. Kf1 Ke7 36. Ke2 Kd7 37. Kd3 f5 38. Rc5 Ke6 39. Rc7 Rd7 40.
Rc6+ Rd6 41. Rc8 Rb6 42. Ra8 Rc6 43. Ra7 h6 44. h4 Kf6 45. Rd7 Ke6 46. Ra7 Rb6
47. Kc2 Rc6+ 48. Kd2 Rb6 49. Kc2 f4 50. exf4 Kf5 51. Kc3 Kxf4 52. Rh7 h5 53. Rd7
Kg4 54. Rxd5 Kxh4 55. Re5 Rf6 56. Re2 g5 57. d5 g4 58. Kd4 Kg5 59. g3 h4 60.
gxh4+ Kxh4 61. Kc5 Kh3 62. d6 Rf3 63. d7 Rd3 64. Re3+ Rxe3 65. fxe3 g3 66. d8=Q
g2 67. Qh8+ Kg3 68. Qg7+ 1-0

[Event "Turkish Cup 2016"]
[Site "Manavgat TUR"]
[Date "2016.01.31"]
[Round "2.10"]
[White "Guven, Oguz Kagan"]
[Black "Yurtseven, Melih"]
[Result "0-1"]
[BlackTitle "FM"]
[WhiteElo "1854"]
[BlackElo "2332"]
[WhiteTeam "IZMIR"]
[BlackTeam "KAYSERI"]
[WhiteFideId "6325297"]
[BlackFideId "6312160"]
[EventDate "2016.01.30"]

1. e4 c5 2. Nf3 d6 3. d4 cxd4 4. Qxd4 Nd7 5. Be3 Ngf6 6. Nc3 a6 7. h3 e6 8. a4
b6 9. Be2 Be7 10. Nd2 Bb7 11. O-O O-O 12. Nc4 d5 13. exd5 exd5 14. Nd2 Re8 15.
Qf4 Nc5 16. Bf3 Rb8 17. Bxc5 bxc5 18. Rfe1 Bd6 19. Rxe8+ Nxe8 20. Qf5 Nc7 21.
Re1 g6 22. Qd3 c4 23. Qe2 Bf8 24. b3 Bg7 25. Na2 c3 26. Nb1 Ne6 27. Nbxc3 Nd4
28. Qe7 Nxc2 29. Qxd8+ Rxd8 30. Rd1 Nd4 31. Rd3 Nxf3+ 32. gxf3 f5 33. Nb4 d4 34.
Nc2 Bxf3 35. Rxf3 dxc3 36. Re3 Rd2 37. Ne1 Bd4 38. Re8+ Kf7 39. Rc8 Rxf2 40. Rc4
Rd2+ 41. Kf1 Bf6 42. b4 g5 43. b5 axb5 44. axb5 Rb2 45. Rc5 g4 46. hxg4 fxg4 47.
Nd3 g3 48. Rc7+ Ke8 49. Rc4 Rxb5 50. Kg2 Rg5 51. Nf4 Rg4 52. Kf3 g2 53. Re4+ Kf7
54. Ne2 Rxe4 55. Kxe4 c2 0-1

[Event "Turkish Cup 2016"]
[Site "Manavgat TUR"]
[Date "2016.01.31"]
[Round "2.11"]
[White "Sahin, Fehim"]
[Black "Apaydin, Fethi"]
[Result "0-1"]
[BlackTitle "FM"]
[WhiteElo "1618"]
[BlackElo "2234"]
[WhiteTeam "SIIRT"]
[BlackTeam "ISTANBUL"]
[WhiteFideId "34593268"]
[BlackFideId "6302521"]
[EventDate "2016.01.30"]

1. d4 Nf6 2. c4 g6 3. Nc3 Bg7 4. f4 O-O 5. e4 d6 6. e5 Nfd7 7. Nf3 c5 8. Be3
cxd4 9. Bxd4 Nc6 10. exd6 Nxd4 11. Nxd4 exd6 12. Qd2 Re8+ 13. Be2 Nc5 14. O-O
Ne4 15. Nxe4 Rxe4 16. Nb5 a6 17. Bf3 Rxc4 18. Qxd6 Be6 19. Rad1 Qb8 20. Qxb8+
Rxb8 21. Nd6 Rxf4 22. Bxb7 Bd4+ 23. Kh1 Rxf1+ 24. Rxf1 Be5 25. Nxf7 Bxf7 26.
Bxa6 Bxa2 27. b3 Bxb3 28. Rb1 Bd5 29. Rxb8+ Bxb8 30. Bc8 Ba7 31. Bd7 Bf2 32. Bc8
Kf7 33. Bg4 Kf6 34. h3 Ke5 35. Kh2 Kf4 36. Bd1 Bb6 37. g3+ Ke3 38. h4 Kf2 39.
Kh3 h5 0-1

[Event "Turkish Cup 2016"]
[Site "Manavgat TUR"]
[Date "2016.01.31"]
[Round "2.12"]
[White "Eminov, Orkhan"]
[Black "Taskiran, Recep"]
[Result "1-0"]
[WhiteTitle "FM"]
[WhiteElo "2263"]
[BlackElo "1846"]
[WhiteTeam "ANKARA"]
[BlackTeam "ISTANBUL"]
[WhiteFideId "13402153"]
[BlackFideId "6323634"]
[EventDate "2016.01.30"]

1. e4 c5 2. Nf3 d6 3. Bb5+ Nd7 4. d4 cxd4 5. Qxd4 e5 6. Qd3 a6 7. Bxd7+ Bxd7 8.
Bg5 Qa5+ 9. Nc3 h6 10. Bh4 g5 11. Bg3 Nf6 12. h4 g4 13. Nd2 Be6 14. O-O Be7 15.
Rfe1 Rc8 16. Nf1 Qb6 17. Ne3 Qd4 18. Rad1 Rxc3 19. bxc3 Qxe4 20. c4 Qxd3 21.
Rxd3 Nd7 22. Nd5 Nc5 23. Rdd1 Bd8 24. f3 gxf3 25. gxf3 f5 26. Bf2 Nd7 27. Kh2
Kf7 28. a4 Rg8 29. Rb1 Bxd5 30. cxd5 b6 31. Rg1 Re8 32. h5 Nf6 33. Bxb6 Be7 34.
c4 Nxh5 35. Be3 f4 36. Bf2 Rc8 37. Rgc1 Nf6 38. Rb7 Ke8 39. Bh4 Nd7 40. Bxe7
Kxe7 41. Rg1 Ke8 42. Rg8+ Nf8 43. Rgg7 h5 44. Rge7+ Kd8 45. Rf7 Ke8 46. Rbe7+ 1-0

[Event "Turkish Cup 2016"]
[Site "Manavgat TUR"]
[Date "2016.01.31"]
[Round "2.13"]
[White "Sahin, Handenur"]
[Black "Ozkan, Ervin"]
[Result "0-1"]
[WhiteElo "1839"]
[BlackElo "2242"]
[WhiteTeam "ANKARA"]
[BlackTeam "BURSA"]
[WhiteFideId "6334865"]
[BlackFideId "6306004"]
[EventDate "2016.01.30"]

1. d4 d5 2. c4 c6 3. Nc3 Nf6 4. e3 a6 5. b3 b5 6. Bd3 g6 7. Nf3 Bg7 8. O-O Bg4
9. h3 Bxf3 10. Qxf3 O-O 11. Bb2 e6 12. Rac1 Nbd7 13. Rfd1 Qa5 14. Qe2 Rfe8 15.
f4 bxc4 16. bxc4 c5 17. Qf3 Rab8 18. Ba1 cxd4 19. exd4 dxc4 20. Bxc4 Nb6 21. Bb3
Rbc8 22. Kh2 Red8 23. Ne4 Nxe4 24. Qxe4 Qb4 25. Rxc8 Nxc8 26. Rc1 Nd6 27. Qe2
Bxd4 28. Bxd4 Qxd4 29. Qf3 Nf5 30. Rd1 Qb6 31. Re1 h5 32. Qc3 Qf2 33. Qe5 Rd2
34. Qe4 Nh4 35. Bxe6 Nf3+ 0-1

[Event "Turkish Cup 2016"]
[Site "Manavgat TUR"]
[Date "2016.01.31"]
[Round "2.14"]
[White "Dogan, Ali Ekber"]
[Black "Celik, Berkay"]
[Result "0-1"]
[WhiteElo "2140"]
[BlackElo "1814"]
[WhiteTeam "MALATYA"]
[BlackTeam "DUZCE"]
[WhiteFideId "6304540"]
[BlackFideId "6337848"]
[EventDate "2016.01.30"]

1. d4 d5 2. c4 c6 3. Nf3 Nf6 4. e3 Bf5 5. Bd3 Bg6 6. O-O e6 7. b3 Nbd7 8. Bb2
Bd6 9. Ne5 Qc7 10. f4 c5 11. Nc3 a6 12. Rc1 cxd4 13. exd4 dxc4 14. bxc4 Qb6 15.
Na4 Qa5 16. Bc3 Bb4 17. Bxb4 Qxb4 18. Rb1 Qa3 19. f5 Bxf5 20. Bxf5 b5 21. Nxd7
Nxd7 22. Qe2 Qxa4 23. Bxe6 fxe6 24. Qxe6+ Kd8 25. Rf7 bxc4 26. Qe7+ Kc8 27. h3
Ra7 28. Qd6 Rc7 29. Rb4 Qc6 30. Qg3 c3 31. Rf1 c2 32. Rc1 Qc3 33. Qxc3 Rxc3 34.
Rb2 Rd8 35. Rcxc2 Rxc2 36. Rxc2+ Kb7 37. Kf2 Nb6 38. Ke3 Rc8 39. Rf2 Nd5+ 40.
Ke4 Nf6+ 41. Kd3 Rc6 42. g4 h6 43. Re2 Nd5 44. Rb2+ Kc7 45. h4 Rg6 46. g5 hxg5
47. Ke4 Ne7 48. hxg5 Rxg5 49. Rf2 Kd6 50. Rf8 Nc6 51. Ra8 a5 52. Rg8 Rg2 53. a4
Rg4+ 54. Kf5 Rxd4 55. Rxg7 Rxa4 56. Rb7 Rb4 0-1

[Event "Turkish Cup 2016"]
[Site "Manavgat TUR"]
[Date "2016.01.31"]
[Round "2.15"]
[White "Acarbay, Algi"]
[Black "Baglan, Esat"]
[Result "0-1"]
[BlackTitle "FM"]
[WhiteElo "1866"]
[BlackElo "2238"]
[WhiteTeam "ISTANBUL"]
[BlackTeam "ISTANBUL"]
[WhiteFideId "6303692"]
[BlackFideId "6309216"]
[EventDate "2016.01.30"]

1. e4 e6 2. d4 d5 3. exd5 exd5 4. Bd3 c5 5. dxc5 Bxc5 6. Qf3 Nc6 7. Ne2 Nge7 8.
Nbc3 O-O 9. O-O Nb4 10. Ng3 Be6 11. Bd2 Qd7 12. h3 Nxd3 13. Qxd3 Rfd8 14. Nce2
Ng6 15. Bf4 Rac8 16. Rfd1 f6 17. Rd2 Qf7 18. c3 Ne5 19. Qc2 h5 20. Kf1 Nc4 21.
Rdd1 h4 22. Nf5 Bxf5 23. Qxf5 Nxb2 24. Rdb1 Nc4 25. Rd1 g5 26. Bc1 Nd6 27. Qxd5
Qxd5 28. Rxd5 Ne4 29. Rxd8+ Rxd8 30. Be3 Bxe3 31. fxe3 Rd2 32. Ke1 Rc2 33. a4
Nxc3 34. Nxc3 Rxc3 35. Kf2 Kf7 36. Rb1 Rc7 37. Kf3 Ke6 38. Rb4 b6 39. Rd4 Rc5
40. Rb4 f5 41. Rd4 Rc3 42. Kf2 a5 43. Rd8 Rc4 44. Rb8 Rb4 45. Re8+ Kf7 46. Rb8
g4 47. Rb7+ Kf6 48. hxg4 fxg4 49. Rh7 Rb2+ 50. Kf1 Kg5 51. Rg7+ Kf5 52. Rh7 Ke4
53. Re7+ Kd3 54. Rd7+ Kxe3 55. Re7+ Kf4 0-1

[Event "Turkish Cup 2016"]
[Site "Manavgat TUR"]
[Date "2016.01.31"]
[Round "2.16"]
[White "Unal, Osman"]
[Black "Gulden, Egemen"]
[Result "1-0"]
[WhiteElo "1795"]
[BlackElo "2229"]
[WhiteTeam "ORDU"]
[BlackTeam "IZMIR"]
[WhiteFideId "6321224"]
[BlackFideId "6324983"]
[EventDate "2016.01.30"]

1. e4 g6 2. d4 Bg7 3. Be3 d6 4. Nc3 c6 5. Be2 b5 6. a3 a6 7. g4 Nd7 8. h4 Qc7 9.
Qd2 h6 10. Nh3 e5 11. O-O-O Ne7 12. f4 Bb7 13. h5 O-O-O 14. g5 f6 15. hxg6 hxg5
16. fxg5 f5 17. dxe5 dxe5 18. exf5 Nxf5 19. Bg4 Nd4 20. Ne4 Kb8 21. Bxd4 exd4
22. Nf4 Rxh1 23. Rxh1 Nf8 24. Nc5 Re8 25. Nfe6 Qe7 26. Qf4+ Ka7 27. Qf7 Nxe6 28.
Nxe6 Be5 29. Rh7 Bd6 30. Qxe7 Bxe7 31. Rxe7 Rxe7 32. g7 Re8 33. Nf8 c5 34. g8=Q
c4 35. Kd2 1-0

[Event "Turkish Cup 2016"]
[Site "Manavgat TUR"]
[Date "2016.01.31"]
[Round "2.18"]
[White "Metin, Mehmet"]
[Black "Kucukdogerli, Murat Can"]
[Result "1-0"]
[WhiteElo "2149"]
[BlackElo "1888"]
[WhiteTeam "ORDU"]
[BlackTeam "ANKARA"]
[WhiteFideId "6303730"]
[BlackFideId "6341071"]
[EventDate "2016.01.30"]

1. Nf3 Nf6 2. g3 g6 3. Bg2 Bg7 4. O-O O-O 5. c4 d6 6. Nc3 e5 7. d3 Nbd7 8. Rb1
Nh5 9. e4 c6 10. Be3 Qe8 11. d4 f5 12. exf5 gxf5 13. dxe5 dxe5 14. Re1 Qg6 15.
Nh4 Qf7 16. Nb5 Ndf6 17. Nd6 Qc7 18. Ndxf5 Be6 19. Qe2 Qf7 20. b3 Bxf5 21. Nxf5
Kh8 22. Bc5 Rg8 23. Nxg7 Rxg7 24. Qxe5 Rd8 25. Rbd1 Rdg8 26. Bd4 Rg5 27. Qe7 Qg6
28. Re6 Qc2 29. Bxf6+ 1-0

[Event "Turkish Cup 2016"]
[Site "Manavgat TUR"]
[Date "2016.01.31"]
[Round "2.19"]
[White "Benk, Tolga Tugay"]
[Black "Gokerkan, Cem Kaan"]
[Result "0-1"]
[WhiteElo "1863"]
[BlackElo "2220"]
[WhiteTeam "KARAMAN"]
[BlackTeam "ISTANBUL"]
[WhiteFideId "6309488"]
[BlackFideId "6336760"]
[EventDate "2016.01.30"]

1. d4 g6 2. c4 Bg7 3. Nc3 c5 4. d5 Bxc3+ 5. bxc3 f5 6. h4 Nf6 7. Bh6 Rg8 8. Nf3
Qa5 9. Qc2 d6 10. e3 Nbd7 11. Bd3 Nb6 12. O-O Bd7 13. Nd2 Qa4 14. Qb2 O-O-O 15.
Bg5 Rgf8 16. f4 Rde8 17. Qb3 Ng4 18. h5 gxh5 19. Rae1 e5 20. e4 h6 21. Bh4 exf4
22. Rxf4 Ne5 23. Be2 Ng6 24. Bg3 h4 25. Bh5 hxg3 26. Bxg6 fxe4 27. Rxf8 Rxf8 28.
Nxe4 Kc7 29. Qxa4 Nxa4 30. Rf1 Rxf1+ 31. Kxf1 Nb2 32. Nxg3 Nxc4 33. Kf2 Nb6 34.
Be4 Na4 35. c4 Nb2 36. Nf5 Bxf5 37. Bxf5 Nxc4 38. Kg3 Kd8 39. Kh4 Ne3 40. Be4 c4 0-1

[Event "Turkish Cup 2016"]
[Site "Manavgat TUR"]
[Date "2016.01.31"]
[Round "2.20"]
[White "Yaran, Siar"]
[Black "Sat, Eray"]
[Result "0-1"]
[WhiteTitle "CM"]
[WhiteElo "2195"]
[BlackElo "1898"]
[WhiteTeam "KAHRAMANMARAS"]
[BlackTeam "YALOVA"]
[WhiteFideId "6323006"]
[BlackFideId "6347967"]
[EventDate "2016.01.30"]

1. e4 c6 2. d4 d5 3. exd5 cxd5 4. c4 Nf6 5. Nc3 g6 6. Bg5 Bg7 7. Nf3 O-O 8. cxd5
Nxd5 9. Be2 Nc6 10. O-O Re8 11. Qb3 Be6 12. Qxb7 Na5 13. Qa6 Nb4 14. Qb5 Rb8 15.
Qa4 Bd7 16. Bb5 Bxb5 17. Nxb5 a6 18. Qxb4 Rxb5 19. Qa4 Qd6 20. Rfe1 e6 21. Bd2
Nb7 22. Rad1 Ra8 23. Bc3 Qd5 24. Ne5 Nd6 25. Nd3 Ne4 26. Nb4 Nxc3 27. bxc3 Qc4
28. Qb3 Rc8 29. Re3 a5 30. Qxc4 Rxc4 31. Na6 Rb2 32. a4 Rxa4 33. d5 exd5 34.
Re8+ Bf8 35. Nc5 Raa2 36. Nd7 Rxf2 37. Rxf8+ Kg7 38. Ra8 Rxg2+ 39. Kf1 Rxh2 40.
Kg1 Rag2+ 41. Kf1 h5 42. Re1 h4 43. Ree8 Rc2 44. Kg1 Rhd2 0-1

[Event "Turkish Cup 2016"]
[Site "Manavgat TUR"]
[Date "2016.01.31"]
[Round "2.21"]
[White "Ibik, Halit Yavuz"]
[Black "Marasli, Tutku Kahraman"]
[Result "0-1"]
[WhiteElo "1843"]
[BlackElo "2145"]
[WhiteTeam "ANKARA"]
[BlackTeam "KAYSERI"]
[WhiteFideId "6336108"]
[BlackFideId "6307493"]
[EventDate "2016.01.30"]

1. e4 c6 2. d4 d5 3. Nc3 dxe4 4. Nxe4 Bf5 5. Ng3 Bg6 6. Nf3 Nd7 7. Bd3 Ngf6 8.
O-O e6 9. c4 Bd6 10. Re1 O-O 11. Bxg6 hxg6 12. Bg5 Qc7 13. Qc2 c5 14. Bxf6 Nxf6
15. dxc5 Qxc5 16. Ne4 Nxe4 17. Qxe4 Rac8 18. b3 b5 19. cxb5 Qxb5 20. Rac1 Qf5
21. Qxf5 gxf5 22. g3 Ba3 23. Rxc8 Rxc8 24. Re2 g6 25. Ne5 Rc3 26. Kg2 Bd6 27.
Nc4 Bc5 28. Ne3 Bb6 29. Rc2 Rd3 30. Kf3 e5 31. Ke2 e4 32. Rd2 Rxd2+ 33. Kxd2 f6
34. Ke2 Kf7 35. f3 Ke6 36. h3 Bc7 37. g4 fxg4 38. Nxg4 f5 39. Nf2 Kd5 40. fxe4+
fxe4 41. Nd1 Kd4 42. Kd2 Bf4+ 43. Ke2 Bd6 44. Nf2 Bc5 45. Nd1 Bb6 46. Nf2 Ke5
47. Nd1 Bd4 48. a3 Kf4 49. Nf2 Bb2 50. a4 a5 51. Nd1 Bd4 52. Nf2 Bxf2 53. Kxf2
e3+ 54. Ke2 Ke4 55. b4 axb4 56. a5 Kd5 57. a6 Ke5 0-1

[Event "Turkish Cup 2016"]
[Site "Manavgat TUR"]
[Date "2016.01.31"]
[Round "2.22"]
[White "Karagollu, Ahmet"]
[Black "Basaran, Cahit"]
[Result "1/2-1/2"]
[WhiteElo "2113"]
[BlackElo "1825"]
[WhiteTeam "IZMIR"]
[BlackTeam "ERZURUM"]
[WhiteFideId "6307825"]
[BlackFideId "6318380"]
[EventDate "2016.01.30"]

1. e4 e5 2. d4 exd4 3. Qxd4 d6 4. Nc3 Nf6 5. Bd2 Be7 6. O-O-O Nc6 7. Qe3 Be6 8.
f4 O-O 9. Nf3 a6 10. Ng5 Qc8 11. f5 Bd7 12. g4 Ne5 13. Qh3 Bc6 14. Rg1 b5 15.
Nf3 Bxe4 16. Nxe5 dxe5 17. Qe3 Bb7 18. g5 Nd7 19. g6 Bc5 20. Qh3 fxg6 21. fxg6
Nf6 22. gxh7+ Nxh7 23. Rg3 Qxh3 24. Bxh3 Rae8 25. Bh6 Re7 26. Rd7 Rxd7 27. Bxd7
Rf1+ 28. Kd2 Bf8 29. Be6+ Kh8 30. Be3 Rf3 1/2-1/2

[Event "Turkish Cup 2016"]
[Site "Manavgat TUR"]
[Date "2016.01.31"]
[Round "2.23"]
[White "Yanik, Murat"]
[Black "Ererdem, Gani Eren"]
[Result "0-1"]
[WhiteElo "1785"]
[BlackElo "2152"]
[WhiteTeam "ZONGULDAK"]
[BlackTeam "KARAMAN"]
[WhiteFideId "6329942"]
[BlackFideId "6310915"]
[EventDate "2016.01.30"]

1. e4 g6 2. d4 d6 3. Be3 Bg7 4. Nc3 a6 5. a4 b6 6. Nf3 Bb7 7. Bd3 Nd7 8. O-O c5
9. d5 Ngf6 10. h3 O-O 11. Re1 Qc7 12. Bc4 Ne5 13. Nxe5 dxe5 14. Qc1 Ne8 15. Bh6
Bxh6 16. Qxh6 Nd6 17. b3 f6 18. Rad1 Qd7 19. Be2 Nf7 20. Qe3 Kg7 21. a5 b5 22.
Qxc5 Rac8 23. Qb4 Qd6 24. Qxd6 Nxd6 25. Rd3 b4 26. Na2 Rxc2 27. Nxb4 Rc5 28. Re3
Rxa5 29. Rc1 Kf7 30. f3 Rc8 31. Rxc8 Bxc8 32. Rc3 f5 33. exf5 gxf5 34. Kf2 Kf6
35. Rc6 Ra3 36. Bxa6 Rxb3 37. Bxc8 Rxb4 38. Rc2 f4 39. Bd7 Rb3 40. Bc6 Nf5 41.
Rd2 Rb6 42. Ba8 Rb1 43. Ke2 Rb3 44. Kf2 Ng3 45. Rd1 Rb2+ 46. Kg1 Nf5 47. Rf1 Ne3
48. Rf2 Rb1+ 49. Kh2 Nf1+ 50. Rxf1 Rxf1 51. Bc6 Rd1 52. h4 h5 53. Bb7 Kf7 54.
Bc6 Kf8 55. Bb7 Ke8 56. Bc6+ Kd8 57. Bb7 Kc7 58. Ba8 Kd6 59. Bc6 e6 60. Be8 exd5
61. Bxh5 Ke6 62. Bg6 d4 63. h5 Kf6 64. Bc2 Rc1 65. Be4 Re1 66. Bh7 Kg5 67. Bg6
e4 0-1